Kunstwerke und Bücher am Markte (Record no. 2348)

MARC details
000 -CABECERA
campo de control de longitud fija 00843nam a2200229 a 4500
001 - NÚMERO DE CONTROL
campo de control BRCA_2608
005 - FECHA Y HORA DE LA ÚLTIMA TRANSACCIÓN
campo de control 20190320203904.0
008 - DATOS DE LONGITUD FIJA--INFORMACIÓN GENERAL
campo de control de longitud fija 281108s1915----gw-a---###---#000-0#ger-u
050 #4 - SIGNATURA TOPOGRÁFICA DE LA BIBLIOTECA DEL CONGRESO
Número de clasificación NK1125
Número de documento/Ítem .K63 1915
100 1# - ENTRADA PRINCIPAL--NOMBRE DE PERSONA
Nombre de persona Koch, Gunther
9 (RLIN) 7442
245 10 - MENCIÓN DE TÍTULO
Título Kunstwerke und Bücher am Markte
Resto del título Auktion-Falschun gen-Preise, und was sie lehren, mit Anfuhrung wichtiger Literatur uber Kunstgewerbe, Malerei, Graphische Kunste, Bildnerei...
Mención de responsabilidad, etc. von Gunther Koch.
260 ## - PUBLICACIÓN, DISTRIBUCIÓN, ETC.
Lugar de publicación, distribución, etc. Esslingen a. N., Alemania
Nombre del editor, distribuidor, etc. P. Neff
Fecha de publicación, distribución, etc. 1915
300 ## - DESCRIPCIÓN FÍSICA
Extensión 536 p.
Otras características físicas il., fotos
Dimensiones 29 cm.
500 ## - NOTA GENERAL
Nota general Incluye índice analítico y de imágenes.
500 ## - NOTA GENERAL
Nota general A73
650 14 - PUNTO DE ACCESO ADICIONAL DE MATERIA--TÉRMINO DE MATERIA
Término de materia o nombre geográfico como elemento de entrada Marchands
9 (RLIN) 7443
650 14 - PUNTO DE ACCESO ADICIONAL DE MATERIA--TÉRMINO DE MATERIA
Término de materia o nombre geográfico como elemento de entrada Libreros y librerías
9 (RLIN) 7444
650 14 - PUNTO DE ACCESO ADICIONAL DE MATERIA--TÉRMINO DE MATERIA
Término de materia o nombre geográfico como elemento de entrada Arte
Subdivisión general Coleccionistas y colecciones
9 (RLIN) 7445
650 14 - PUNTO DE ACCESO ADICIONAL DE MATERIA--TÉRMINO DE MATERIA
Término de materia o nombre geográfico como elemento de entrada Arte
Subdivisión general Industria y comercio
9 (RLIN) 7236
902 ## - CATALOGADOR
Iniciales GFM
942 ## - ELEMENTOS DE PUNTO DE ACCESO ADICIONAL (KOHA)
Fuente del sistema de clasificación o colocación Library of Congress Classification
Tipo de ítem Koha Libros
Holdings
Estado de retiro Estado de pérdida Estado dañado No para préstamo Localización permanente Ubicación/localización actual Fecha de adquisición Número de inventario Total de préstamos Signatura topográfica completa Código de barras Fecha visto por última vez Precio válido a partir de Tipo de ítem Koha
El ejemplar forma parte de la colección y puede ser consultado según las políticas vigentes.       Biblioteca del Museo Franz Mayer (Rogerio Casas-Alatriste) Biblioteca del Museo Franz Mayer (Rogerio Casas-Alatriste) 28/11/2008 A73   NK1125 .K63 1915 (A73) 2605 22/03/2019 22/03/2019 Libros